000 00621nam a2200241 i 4500
001 C2-0312372
003 PPAK
005 20180728104109.0
008 111002s2010 nyu |||| ||||| | eng d
020 _a9781439107997
040 _aPPAK
_beng
_cPPAK
_erda
082 0 4 _a823
_223
090 0 0 _a823
_bDEV
_dG
100 1 _aDeveraux, Jude,
_eauthor
245 1 0 _aScarlet nights
264 1 _aNew York :
_bPocket Star Books ,
_c2010
300 _a458 pages ;
_c17 cm
336 _2rdacontent
_atext
337 _2rdamedia
_aunmediated
338 _2rdacarrier
_avolume
650 1 0 _aEnglish fiction
942 _ddc
_cB
999 _c114370
_d114370